|
|
|
|
| LEADER |
01546cam a2200265 a 4500 |
| 001 |
c000388966 |
| 003 |
CARM |
| 005 |
20120306123130.0 |
| 008 |
120306s1960 caua 000 0 eng d |
| 010 |
|
|
|a 61030489
|
| 019 |
1 |
|
|a 46881506
|5 LACONCORD2021
|
| 035 |
|
|
|a (OCoLC)155841910
|5 LACONCORD2021
|
| 040 |
|
|
|a NCLN
|c VCAV
|
| 050 |
0 |
0 |
|a S598
|b .K56 1960
|
| 100 |
1 |
|
|a Kirschner, H. E.
|q (Harry Edward),
|d b. 1880.
|
| 245 |
1 |
0 |
|a Are you what you eat? :
|b An introduction to creative medicine /
|c by H.E. Kirschner and Herbert Clarence White.
|
| 260 |
|
|
|a La Sierra, Calif. :
|b H.C. White Publications,
|c c1960.
|
| 300 |
|
|
|a 128 p. :
|b ill. ;
|c 22 cm.
|
| 505 |
0 |
|
|a Introduction / J.D. Walters -- Preface -- The fence or the ambulance? -- Foreword -- You are what you eat! -- Is there a divine plan? -- "Creative medicine", what is it? -- The vital role of minerals -- Humus, the master soil builder -- Humus, and the infinitesmal balance -- The living soil -- The war in the soil -- Shall we offer them poison? -- The beneficent slaughter -- Mycorrhiza, the miracle of nature -- Giants in the earth -- The miracle of mulching -- The art of compost-making -- "After-care" of your compost heap -- The authors plant a tree -- How I treat a sick tree -- Is there a difference?
|
| 650 |
|
0 |
|a Soils.
|
| 650 |
|
0 |
|a Soil microbiology.
|
| 700 |
1 |
|
|a White, Herbert Clarence.
|
| 852 |
8 |
|
|b CARM
|p 0578560
|f BK
|
| 999 |
f |
f |
|i 09e38beb-8b22-513f-a4e1-94fba94cfb53
|s 7b7a6135-ab84-564e-9fbd-05aefbc8000b
|
| 952 |
f |
f |
|p Can circulate
|a CAVAL
|b CAVAL
|c CAVAL
|d CARM 1 Store
|i book
|m 0578560
|